| 000 | 01024cam a2200229 i 4500 | ||
|---|---|---|---|
| 999 |
_c58094 _d58094 |
||
| 001 | 18325716 | ||
| 005 | 20221107115801.0 | ||
| 008 | 141002t20152015caua b 001 0 eng | ||
| 020 | _a9781597565769 X | ||
| 041 | _aeng | ||
| 080 | _a616.28-008.14-053.2 B-84 | ||
| 100 |
_aBradham, Tamala S. _912035 |
||
| 245 | 0 | 0 |
_aAssessing listening and spoken language in children with hearing loss / _cTamala S. Bradham, K. Todd Houston. |
| 264 | 1 |
_aSan Diego, CA : _bPlural Publishing Inc., _c2015. |
|
| 300 |
_a477 pages : _b26 cm. |
||
| 653 | _aსმენის დაქვეითების მქონე ბავშვებში მოსმენისა და სასაუბრო ენის შეფასება | ||
| 653 | _aОценка аудирования и разговорной речи у детей с потерей слуха | ||
| 653 | _aმედიცინა | ||
| 653 | _aмедицина | ||
| 700 | 1 |
_aHouston, K. Todd, _eავტორი _912036 |
|
| 942 |
_2udc _cBK |
||